00411nam a2200169Ia 4500008004000000020001500040041000800055082001600063100002600079245003400105260004800139300000800187650001700195650001100212650001000223650000800233210210b2007 xxu||||| |||| 00| 0 eng d a8183562469 aeng a307.76 NARU aNARASAIAH (Lakshmi M) aUrbanisation and human rights aNew DelhibDiscovery Publishing Housec2007 a137 aUrbanisation arights ahuman aand